|
|
|
|
| LEADER |
01995nam a2200289 u 4500 |
| 001 |
10113622 |
| 003 |
upatras |
| 005 |
20210117205115.0 |
| 008 |
140822s2012 gr gre |
| 040 |
|
|
|a ΠΑΝΕΠΙΣΤΗΜΙΟ ΠΑΤΡΩΝ
|c ΠΑΝΕΠΙΣΤΗΜΙΟ ΠΑΤΡΩΝ
|
| 041 |
0 |
|
|a gre
|
| 082 |
1 |
4 |
|a 551.630 285 57
|2 23
|
| 100 |
1 |
|
|a Ζάγουρας, Αθανάσιος
|4 aut
|9 139967
|
| 245 |
1 |
0 |
|a Μέθοδοι εξαγωγής και ψηφιακής επεξεργασίας περιβαλλοντικών σημάτων και εικόνων
|b εφαρμογή στην αυτόματη ταξινόμηση χαρτών καιρού
|c του Αθανασίου Ζάγουρα; Πανεπιστήμιο Πατρών, Σχολή Θετικών Επιστημών, Τμήμα Φυσικής
|
| 300 |
|
|
|a xv, 142 σ.
|b εικ.
|c 30 εκ.
|
| 500 |
|
|
|a Διατμηματικό πρόγραμμα μεταπτυχιακών σπουδών στην Ηλεκτρονική και επεξεργασία της πληροφορίας
|
| 504 |
|
|
|a Περιλαμβάνει βιβλιογραφία
|
| 650 |
|
4 |
|a Κλιματολογία
|x Επεξεργασία δεδομένων
|9 139968
|
| 650 |
|
4 |
|a Ατμοσφαιρική ρύπανση
|x Μαθηματικά μοντέλα
|9 37006
|
| 700 |
1 |
|
|a Αργυρίου, Αθανάσιος Α.
|9 22455
|
| 710 |
2 |
|
|9 2771
|a Πανεπιστήμιο Πατρών
|b Σχολή Επιστημών Υγείας
|b Τμήμα Ιατρικής
|e Σχολή Θετικών Επιστημών
|e Τμήμα Φυσικής
|
| 852 |
|
|
|a GR-PaULI
|b ΠΑΤΡΑ
|b ΒΚΠ
|b ΑΝΕ
|k ΔΙΑΤΡΙΒΗ
|h 551.630 285 57 ΖΑΓ
|m 114316
|p 025000210089
|t 1
|
| 856 |
|
|
|u http://hdl.handle.net/10889/6076
|
| 942 |
|
|
|2 ddc
|c BKTD
|
| 952 |
|
|
|0 0
|1 0
|4 0
|6 551_630000000000000_285_57_ΖΑΓ
|7 0
|9 169042
|a LISP
|b LISP
|c RES
|d 2016-04-24
|i 114316
|l 0
|o 551.630 285 57 ΖΑΓ
|p 025000210089
|r 2016-04-24 00:00:00
|t 1
|w 2016-04-24
|y BKTD
|
| 998 |
|
|
|c ΓΚΟΓΚΟΥ
|d 2014-08
|
| 999 |
|
|
|c 105712
|d 105712
|